Index ľudského rozvoja ako alternatíva k GNI

Potvrdenie resp. vyvrátenie odôvodnenosti používania HDI (Human Development Index), ako alternatívy ku GDP.

Salvato in:
Dettagli Bibliografici
Autore principale: Schmidt, Peter, 1968-
Natura: Capitolo di libro
Lingua:slovacco
Soggetti:
Tags: Aggiungi Tag
Nessun Tag, puoi essere il primo ad aggiungerne!!

MARC

LEADER 00000nla a2200000 4500
001 0211248
005 20240502073524.8
041 0 |a slo 
044 |a SK 
245 1 0 |a Index ľudského rozvoja ako alternatíva k GNI  |c Peter Schmidt 
520 |a Potvrdenie resp. vyvrátenie odôvodnenosti používania HDI (Human Development Index), ako alternatívy ku GDP. 
610 2 0 |a produkt domáci hrubý 
610 2 0 |a index rozvoja ľudského 
610 2 0 |a starnutie populácie 
610 2 0 |a vek dôchodkový 
100 1 |a Schmidt, Peter, 1968-